000 00363nam a2200121Ia 4500
008 190216s9999||||xx |||||||||||||| ||und||
100 _a"Ranganathan G, Jain Bs, Sarna D"
245 0 _aLic/Gic Assistant Administrative Officers Examinations
260 _bBright Careers
_c1985
300 _a1223p
650 _aAssistant Administrative Officers Exam
942 _cREF
999 _c35626
_d35626